000 00434nam a2200181Ia 4500
003 GCL
008 140319s9999 xx 000 0 eng d
040 _aGCL /
_cGCL
082 0 4 _a823.87
_bR W
100 1 _aRATTIGAN, TERENCE
245 1 0 _aTHE WINSLOW BOY /
_cRATTIGAN, TERENCE
260 _a[S.N] :
_bLONGMAN
300 _a166 P
650 0 4 _aENGLISH LITERATURE
650 0 4 _aLITERATURE
650 0 4 _aFICTION
942 _2ddc
_cBK
999 _c24995
_d24995